000 00694cam a22002413a 4500
001 27503
003 PGUSA
005 20140828083608.0
008 081212s2008||||xxu|||||s|||||000 | eng d
040 _aPGUSA
_beng
042 _adc
050 4 _aDS
100 1 _aDe Windt, Harry,
_d1856-1933
245 1 0 _aOn the Equator
_h[electronic resource] /
_cHarry De Windt
260 _bProject Gutenberg,
_c2008
506 _aPublic domain in the USA.
516 _aElectronic text
653 _aJava (Indonesia) -- Description and travel
653 _aSarawak -- Description and travel
830 0 _aProject Gutenberg
_v27503
856 4 0 _uhttp://www.gutenberg.org/ebooks/27503
942 _cEB
999 _c256758
_d256758